| 000 | 004730000a22001930004500 | ||
|---|---|---|---|
| 999 |
_c48467 _d48467 |
||
| 001 | 1297 | ||
| 003 | CO-MdFUSB | ||
| 005 | 20170815143457.0 | ||
| 008 | 170815b xxu||||| |||| 00| 0 eng d | ||
| 020 | _a13-978-1-4127-6824-5 | ||
| 040 | _cCO-MdBIC | ||
| 082 | 0 | 4 | _a863C D632np |
| 100 | 1 | _aDisney, Walt | |
| 245 | 1 | 0 | _aBuscando a Nemo / Walt Disney |
| 260 | _aEstados Unidos : Publications International | ||
| 300 | _a24 P. | ||
| 505 | 0 | 0 | _aPerseverancia |
| 942 | _cLGB | ||